000 00493nam a2200169Ia 4500
001 58983
008 150824n ii |||gr||||Z||||||465
082 _a954.162
245 0 _aThe History of Assam :
_bFrom Yandabo to Partition 1826-1947 /
_cPriyam Goswami .
_hTextual Documents
250 _aIst ed.
260 _aNew Delhi
_bOrient BlackSwan Pvt Ltd
300 _a300pg:
_c23cm.
653 _aHistory-Assam
653 _aDept-History
700 _aGoswami,Priyam,
_eAuthor.
942 _2ddc
_cBK
999 _c58869
_d58869